Vainqueurs et finalistes ligue des champions/C1 depuis 1956 - Statistiques

Statistiques générales
  • Ce quiz a été pris 283 fois
    115 depuis la dernière actualisation
  • Le résultat moyen est 57 sur 138
Statistiques - réponses
Hint Vainqueur % Correct
1956 Real Madrid
91%
1957 Real Madrid
89%
1958 Real Madrid
88%
1959 Real Madrid
86%
1960 Real Madrid
84%
2024 Real Madrid
74%
2020 Bayern Munich
72%
2023 Manchester City
72%
2021 Chelsea FC
71%
2022 Real Madrid
71%
2013 Bayern Munich
70%
2015 FC Barcelone
70%
2019 Liverpool FC
70%
2017 Real Madrid
70%
2018 Real Madrid
70%
2012 Chelsea FC
68%
2009 FC Barcelone
68%
2011 FC Barcelone
68%
2010 Inter Milan
68%
2014 Real Madrid
68%
2016 Real Madrid
68%
2008 Manchester United
66%
1993 Olympique de Marseille
66%
2007 AC Milan
64%
2006 FC Barcelone
64%
2002 Real Madrid
63%
1961 Benfica Lisbonne
62%
2024 Borussia Dortmund
62%
2004 FC Porto
62%
2005 Liverpool FC
61%
2020 Paris Saint-Germain
61%
1962 Benfica Lisbonne
59%
2023 Inter Milan
58%
2022 Liverpool FC
58%
2014 Atlético Madrid
57%
2003 AC Milan
55%
1991 Étoile rouge de Belgrade
55%
2000 Real Madrid
55%
1994 AC Milan
54%
1995 Ajax Amsterdam
54%
2016 Atlético Madrid
54%
2001 Bayern Munich
54%
1997 Borussia Dortmund
54%
2013 Borussia Dortmund
54%
1996 Juventus
54%
2018 Liverpool FC
54%
2021 Manchester City
54%
2019 Tottenham Hotspur
54%
2015 Juventus
51%
2017 Juventus
51%
1999 Manchester United
51%
1998 Real Madrid
50%
1990 AC Milan
49%
1963 AC Milan
47%
1993 AC Milan
47%
2012 Bayern Munich
47%
1992 FC Barcelone
47%
1956 Stade de Reims
47%
2005 AC Milan
46%
1971 Ajax Amsterdam
46%
1972 Ajax Amsterdam
46%
1973 Ajax Amsterdam
46%
2010 Bayern Munich
46%
2009 Manchester United
46%
2011 Manchester United
46%
1974 Bayern Munich
45%
1976 Bayern Munich
45%
1964 Inter Milan
45%
1989 AC Milan
43%
2006 Arsenal FC
43%
2004 AS Monaco
43%
1975 Bayern Munich
43%
1966 Real Madrid
42%
1982 Aston Villa
41%
2002 Bayer 04 Leverkusen
41%
1979 Nottingham Forest
41%
2008 Chelsea FC
39%
1965 Inter Milan
39%
1968 Manchester United
39%
1980 Nottingham Forest
39%
1967 Celtic Glasgow
38%
1977 Liverpool FC
38%
1981 Liverpool FC
38%
1969 AC Milan
37%
2007 Liverpool FC
37%
1988 PSV Eindhoven
37%
1970 Feyenoord Rotterdam
36%
1983 Hambourg SV
36%
1985 Juventus
36%
1978 Liverpool FC
36%
1959 Stade de Reims
36%
1984 Liverpool FC
33%
1991 Olympique de Marseille
33%
1986 Steaua Bucarest
33%
1987 FC Porto
32%
2000 Valence CF
32%
1999 Bayern Munich
30%
2003 Juventus
30%
1997 Juventus
28%
2001 Valence CF
28%
1976 AS Saint-Étienne
25%
1994 FC Barcelone
25%
1995 AC Milan
22%
1996 Ajax Amsterdam
21%
1998 Juventus
21%
1992 UC Sampdoria
17%
1962 Real Madrid
16%
1990 Benfica Lisbonne
14%
1957 ACF Fiorentina2
13%
1960 Eintrach Francfort
13%
1986 FC Barcelone
13%
1985 Liverpool FC
13%
1987 Bayern Munich
12%
1961 FC Barcelone
12%
1980 Hambourg SV
12%
1979 Malmö FF
12%
1981 Real Madrid
12%
1989 Steaua Bucarest
12%
1958 AC Milan
11%
1984 As Rome
11%
1963 Benfica Lisbonne
11%
1964 Real Madrid
11%
1974 Atlético Madrid
9%
1988 Benfica Lisbonne
9%
1983 Juventus
9%
1982 Bayern Munich
8%
1965 Benfica Lisbonne
8%
1970 Celtic Galsgow
8%
1975 Leeds United
8%
1971 Panathinaïkos
8%
1967 Inter Milan
7%
1977 Borussia Mönchengladbach
5%
1973 Juventus
5%
1966 Partizan Belgrade
5%
1969 Ajax Amsterdam
4%
1968 Benfica Lisbonne
4%
1978 Club Bruges
4%
1972 Inter Milan
4%
Aucun quiz correspondant
Distribution des résultats
% des personnes avec chaque résultat
Percentile par nombre de réponses
Votre historique - résultats
Vous n’avez pas pris ce quiz depuis la dernière actualisation